Statistics for Minnesota Twins Nicknames

Click here to take the quiz!

General Stats

  • This quiz has been taken 627 times
    (147 since last reset)
  • The average score is 5 of 10

Answer Stats

NicknameTenurePlayer% Correct
Puck1984–1995Kirby Puckett
92%
Killer1954–1974Harmon Killebrew
84%
Buck2015–Byron Buxton
67%
Herbie1981–1994Kent Hrbek
61%
Knobby1991–1997Chuck Knoblauch
53%
Baby Jesus2004–2018Joe Mauer
52%
Frying Dutchman1970–1976, 1985–1988Bert Blyleven
39%
Chulo2014–Jorge Polanco
36%
Sweet Music1982–1989Frank Viola
30%
The Rat1981–1990Gary Gaetti
19%

Score Distribution

Percentile by Number Answered

Percent of People with Each Score

Your Score History

You have not taken this quiz since the last reset